[Event "Tournoi Skype 025A"]
[Site "Skype"]
[Date "????.??.??"]
[Round "5.25"]
[White "Sauvaget, Joel"]
[Black "Ram, Madhukesh"]
[Result "0-1"]
[WhiteElo "1608"]
[BlackElo "1475"]
[PlyCount "85"]

1. d4 Nf6 2. c4 d5 3. Nc3 e6 4. Bg5 Nbd7 5. e3 Be7 6. Nf3 b6 7. Bd3 Bb7 8. O-O
O-O 9. cxd5 Nxd5 10. Bxe7 Qxe7 11. a3 Rac8 12. Bc2 N7f6 13. Ne2 Rfd8 14. Ng3 c5
15. Bb3 cxd4 16. exd4 Qc7 17. Rc1 Qxc1 18. Qxc1 Rxc1 19. Rxc1 Rc8 20. Rxc8+
Bxc8 21. Ne5 Bb7 22. Bc2 g6 23. h3 Nf4 24. f3 N4d5 25. Ne4 Nxe4 26. fxe4 Nf6
27. Bd1 Bxe4 28. Bf3 Bxf3 29. Nxf3 Nd5 30. Kf2 h5 31. Ke2 Kf8 32. Ne5 Kg7 33.
g3 f6 34. Nc6 a5 35. Nd8 Nc7 36. Ke3 f5 37. Kd3 Kf6 38. Kc4 g5 39. Kd3 f4 40.
gxf4 gxf4 41. Ke4 Nd5 42. Kd3 Kg5 43. Ke4 0-1

[Event "Tournoi Skype 025A"]
[Site "Skype"]
[Date "????.??.??"]
[Round "5.26"]
[White "Thoune, Jim"]
[Black "Perrone, Gabriel Lorenzo"]
[Result "1/2-1/2"]
[WhiteElo "1600"]
[BlackElo "1544"]
[PlyCount "42"]

1. Nf3 Nf6 2. b3 d5 3. Bb2 c5 4. e3 a6 5. c4 e6 6. Be2 Be7 7. O-O O-O 8. d4 Nc6
9. Nbd2 b6 10. a3 a5 11. Rc1 Ba6 12. cxd5 Bxe2 13. Qxe2 Qxd5 14. Nc4 Rab8 15.
Rfd1 Qe4 16. dxc5 bxc5 17. Nd6 Qg6 18. Rxc5 Bxd6 19. Rxc6 Be7 20. Qc4 Qe4 21.
Qxe4 Nxe4 1/2-1/2

[Event "Tournoi Skype 025A"]
[Site "Skype"]
[Date "????.??.??"]
[Round "5.28"]
[White "Tiberio, Pedro"]
[Black "Sepulveda, Lyda Marcela"]
[Result "1/2-1/2"]
[WhiteElo "1538"]
[BlackElo "1683"]
[PlyCount "50"]

1. e4 e5 2. Nf3 Nc6 3. d4 exd4 4. Bc4 d5 5. Bxd5 Bg4 6. Bxc6+ bxc6 7. O-O Bc5
8. Qd3 h6 9. h3 Be6 10. Qa6 Bb6 11. b3 Nf6 12. e5 Nd5 13. Ba3 c5 14. Bxc5 c6
15. Qa4 Rc8 16. Qxd4 Qc7 17. Re1 Ne7 18. Bxb6 axb6 19. Nc3 Rd8 20. Qh4 O-O 21.
Qg3 Rd7 22. Rad1 Rfd8 23. Rxd7 Rxd7 24. Rd1 b5 25. Rxd7 Qxd7 1/2-1/2

[Event "Tournoi Skype 025A"]
[Site "Skype"]
[Date "????.??.??"]
[Round "5.29"]
[White "Grib, Johannes"]
[Black "L'Herbon De Lussats, Jean"]
[Result "1-0"]
[WhiteElo "1500"]
[BlackElo "1661"]
[PlyCount "71"]

1. d4 Nf6 2. e3 g6 3. f4 Bg7 4. Bd3 b6 5. Nf3 Bb7 6. O-O O-O 7. f5 d6 8. c3
Nbd7 9. Qe2 c5 10. fxg6 fxg6 11. Ng5 Qc8 12. e4 e5 13. d5 Nxd5 14. Rxf8+ Qxf8
15. exd5 Bxd5 16. Bc4 Nf6 17. Bxd5+ Nxd5 18. Nd2 Nf4 19. Qf3 h6 20. g3 Nh5 21.
Qd5+ Kh8 22. Nf7+ Kh7 23. Ne4 Nf6 24. Nxf6+ Bxf6 25. Be3 g5 26. Rf1 Kg7 27.
Nxd6 Rd8 28. Nf5+ Kg6 29. Qe4 Kf7 30. Qb7+ Kg6 31. Qe4 Kf7 32. h4 Qh8 33. h5 g4
34. Nxh6+ Ke6 35. Qxg4+ Kd6 36. Nf7+ 1-0

[Event "Tournoi Skype 025A"]
[Site "Skype"]
[Date "????.??.??"]
[Round "5.30"]
[White "Escudero Ocana, Francisco"]
[Black "Alvarez, Rafael Andres"]
[Result "0-1"]
[WhiteElo "1406"]
[BlackElo "1613"]
[PlyCount "88"]

1. d4 Nf6 2. Nf3 c6 3. c3 d5 4. e3 Bf5 5. Bd3 Bg6 6. Bxg6 hxg6 7. O-O e6 8.
Nbd2 Nbd7 9. Re1 Bd6 10. e4 dxe4 11. Nxe4 Nxe4 12. Rxe4 Qc7 13. Bg5 Bxh2+ 14.
Nxh2 Qxh2+ 15. Kf1 Qh1+ 16. Ke2 Qxg2 17. Qd3 Qxg5 18. Re1 O-O-O 19. Qf3 Nf6 20.
Re5 Qh4 21. Kd2 g5 22. Rc5 Rxd4+ 23. Kc1 Re4 24. Rd1 g4 25. Qg2 Qh6+ 26. Kb1
Qg6 27. Ka1 Nh5 28. f3 gxf3 29. Qxf3 Nf4 30. Rf1 Rh3 31. Qd1 Rd3 32. Qb3 Qg2
33. Rb1 Qf2 34. Rg5 Re1 35. a3 Rxb1+ 36. Kxb1 Qe1+ 37. Ka2 Rd1 38. Qc4 Ra1+ 39.
Kb3 Nd5 40. Qc5 Qd1+ 41. Kc4 Qe2+ 42. Kb3 Qd1+ 43. Kc4 Nb6+ 44. Kb4 Qa4# 0-1

[Event "Tournoi Skype 025A"]
[Site "Skype"]
[Date "????.??.??"]
[Round "5.31"]
[White "Castillo, Jesus"]
[Black "Junqueira, Leonardo De Faria"]
[Result "1-0"]
[WhiteElo "1661"]
[BlackElo "1560"]
[PlyCount "65"]

1. e4 d5 2. exd5 Qxd5 3. Nc3 Qa5 4. d4 Nf6 5. Bd2 c6 6. Nf3 Bg4 7. h3 Bh5 8.
Be2 Nbd7 9. O-O e6 10. a3 Bd6 11. Nb5 Qd8 12. Nxd6+ Ke7 13. Bb4 Qb8 14. Nf5+
Kd8 15. Ne5 Bxe2 16. Nxf7+ Kc8 17. Ne7+ Kc7 18. Bd6+ Kb6 19. Qxe2 Qe8 20. Nxh8
Qxh8 21. Qxe6 a6 22. a4 Re8 23. b4 Ka7 24. b5 Nb8 25. bxc6 bxc6 26. Bc5+ Ka8
27. Qb3 Nbd7 28. Qb2 Nxc5 29. Nxc6 Ncd7 30. Rab1 Rb8 31. Nxb8 Qxb8 32. Qc3 Qd8
33. Qc6+ 1-0

[Event "Tournoi Skype 025A"]
[Site "Skype"]
[Date "????.??.??"]
[Round "5.32"]
[White "Alvarez, Juan Evangelista"]
[Black "Chavero, Victor"]
[Result "1-0"]
[WhiteElo "1591"]
[BlackElo "1525"]
[PlyCount "55"]

1. e4 d6 2. d4 Nd7 3. Nc3 Ngf6 4. e5 dxe5 5. dxe5 Nxe5 6. Qxd8+ Kxd8 7. Bf4 Ng6
8. O-O-O+ Bd7 9. Bg3 a6 10. Nf3 e6 11. Ne5 Bb4 12. Nxf7+ Ke8 13. Nxh8 Nxh8 14.
Bxc7 Bxc3 15. bxc3 Rc8 16. Be5 Ng4 17. Bxg7 Nxf2 18. Bxh8 Nxh1 19. Be2 Nf2 20.
Rf1 Ne4 21. Kb2 Rc6 22. Bh5+ Kd8 23. Rf8+ Kc7 24. Bf3 Rb6+ 25. Kc1 Nd6 26. Bd4
Rb5 27. Ba7 Rf5 28. Bb8+ 1-0

[Event "Tournoi Skype 025A"]
[Site "Skype"]
[Date "????.??.??"]
[Round "5.33"]
[White "Perez Fermin, Jose"]
[Black "Mordaa, Ahmad"]
[Result "0-1"]
[WhiteElo "1550"]
[BlackElo "1563"]
[PlyCount "76"]

1. e4 e5 2. Nf3 Nc6 3. Bb5 a6 4. Ba4 Nf6 5. d3 b5 6. Bb3 Bc5 7. O-O O-O 8. Bg5
h6 9. Be3 Bxe3 10. fxe3 d6 11. Nbd2 Na5 12. Qe1 Nxb3 13. Nxb3 c6 14. Nh4 Qb6
15. Rf3 Nh5 16. Kh1 Bg4 17. Rf2 Qd8 18. Nf3 Be6 19. Nbd2 g5 20. h3 g4 21. hxg4
Bxg4 22. Kh2 Kh7 23. Rf1 Be6 24. Qh4 Qxh4+ 25. Nxh4 Rg8 26. Nf5 Bxf5 27. Rxf5
Kg6 28. Nf3 Nf6 29. Nh4+ Kg7 30. Raf1 Ng4+ 31. Kh3 Nxe3 32. Rxf7+ Kh8 33. R1f2
Ng4 34. R2f3 h5 35. Nf5 Raf8 36. Nxd6 Rxf7 37. Nxf7+ Kh7 38. Ng5+ Rxg5 0-1

[Event "Tournoi Skype 025A"]
[Site "Skype"]
[Date "????.??.??"]
[Round "6.1"]
[White "Prasath, Malola"]
[Black "Deville, Olivier"]
[Result "1/2-1/2"]
[WhiteElo "2042"]
[BlackElo "1850"]
[PlyCount "67"]

1. e4 c5 2. Nf3 d6 3. d4 Nf6 4. Nc3 cxd4 5. Nxd4 Nc6 6. Nb3 a5 7. a4 e5 8. Be2
Be7 9. O-O O-O 10. Kh1 Be6 11. Be3 d5 12. exd5 Nxd5 13. Nxd5 Bxd5 14. c4 Be6
15. Nc5 Qc8 16. Nxe6 Qxe6 17. Qd5 Qxd5 18. cxd5 Nb4 19. Rfd1 Nc2 20. Rac1 Nxe3
21. fxe3 Bd6 22. e4 g6 23. g4 Rac8 24. Rc3 Rxc3 25. bxc3 Rc8 26. Rb1 Rc7 27.
Rb3 Bc5 28. Kg2 Kf8 29. Kf3 Ke7 30. h4 Kd6 31. h5 b6 32. g5 Ke7 33. Kg4 Kd6 34.
Kf3 1/2-1/2

[Event "Tournoi Skype 025A"]
[Site "Skype"]
[Date "????.??.??"]
[Round "6.2"]
[White "Siret, Bernard"]
[Black "Benson, Paul"]
[Result "1-0"]
[WhiteElo "2073"]
[BlackElo "2082"]
[PlyCount "47"]

1. e4 c5 2. Nf3 g6 3. c4 Bg7 4. d4 cxd4 5. Nxd4 Nc6 6. Nc2 Nf6 7. Nc3 O-O 8.
Be2 d6 9. O-O Nd7 10. Be3 Nb6 11. Qd2 Be6 12. b3 f5 13. exf5 Bxf5 14. Nd4 Bd7
15. Rad1 Qe8 16. Bf3 Qf7 17. Nde2 Kh8 18. Be4 Bf5 19. f3 Nd7 20. Nf4 a6 21. Bd5
Qf6 22. Nfe2 Rab8 23. Bg5 Qe5 24. f4 1-0

[Event "Tournoi Skype 025A"]
[Site "Skype"]
[Date "????.??.??"]
[Round "6.3"]
[White "Mayor Martinez, Juan Jose"]
[Black "Segura Lozano, Marcos Antonio"]
[Result "1-0"]
[WhiteElo "1850"]
[BlackElo "1828"]
[PlyCount "161"]

1. e4 d6 2. Nf3 g6 3. c3 Bg7 4. Be2 Nf6 5. O-O O-O 6. Qc2 Nbd7 7. d3 b6 8. g3
Bb7 9. Be3 c5 10. Nbd2 Ng4 11. Ne1 Nxe3 12. fxe3 Bh6 13. Ng2 e5 14. c4 Qe7 15.
Bf3 g5 16. g4 Nf6 17. h3 Bc8 18. Qd1 Bg7 19. Nb1 h5 20. Kh2 hxg4 21. hxg4 Bd7
22. Kg3 Kh7 23. Rh1+ Kg6 24. Nc3 Rh8 25. Nd5 Nxd5 26. cxd5 Rxh1 27. Qxh1 Rh8
28. Qd1 Qe8 29. Qg1 Qg8 30. Kf2 Rh3 31. Qd1 Qh8 32. Qe2 Rh2 33. Rg1 Bb5 34. Ke1
Qc8 35. a3 c4 36. Qc2 Qa6 37. dxc4 Bxc4 38. Kf2 Qb5 39. Rc1 Bd3 40. Qc3 Rh8 41.
b4 a5 42. Qc7 axb4 43. Qxd6+ f6 44. Qxb4 Qxb4 45. axb4 Ra8 46. Ne1 Ra2+ 47. Kg3
Bb5 48. Rc8 Ra1 49. Ng2 Bd7 50. Rb8 b5 51. Rb7 Bc8 52. Rxb5 Bf8 53. Rb8 Rc1 54.
b5 Bd6 55. Rb6 Bc7 56. Rc6 Rxc6 57. bxc6 Ba6 58. Kf2 Kf7 59. Be2 Bxe2 60. Kxe2
Ke7 61. Kd3 Ba5 62. Ke2 Kd6 63. Ne1 Kc5 64. Nd3+ Kd6 65. Nf2 Kc5 66. Nh1 Bb6
67. Kd3 Ba5 68. Ng3 Bb6 69. Nf5 Bc7 70. Kc3 Bb8 71. Ne7 Kd6 72. Ng8 Bc7 73.
Nxf6 Bd8 74. Nd7 Bc7 75. Kc4 Ke7 76. Kb5 Kd8 77. Kc5 Ke7 78. Nb6 Bb8 79. Nc4
Ba7+ 80. Kb5 Bb8 81. Kb6 1-0

[Event "Tournoi Skype 025A"]
[Site "Skype"]
[Date "????.??.??"]
[Round "6.4"]
[White "Khunte, Aniruddha"]
[Black "Grosso, Raul"]
[Result "0-1"]
[WhiteElo "1598"]
[BlackElo "1847"]
[PlyCount "48"]

1. e4 c5 2. Nf3 g6 3. d4 cxd4 4. Nxd4 Bg7 5. Nc3 Nc6 6. Nb3 Nf6 7. Be3 O-O 8.
Qd2 d6 9. O-O-O a5 10. Nd4 Ng4 11. Nxc6 bxc6 12. Bg5 Be6 13. Kb1 a4 14. a3 Re8
15. h3 Ne5 16. f4 Nc4 17. Bxc4 Bxc4 18. g4 Qa5 19. Ne2 Bxe2 20. Qxe2 Rab8 21.
e5 h6 22. Bh4 Qc3 23. b3 axb3 24. cxb3 Rxb3+ 0-1

[Event "Tournoi Skype 025A"]
[Site "Skype"]
[Date "????.??.??"]
[Round "6.6"]
[White "Martinez Quintero, Javier"]
[Black "Lambert, Pierre"]
[Result "0-1"]
[WhiteElo "1821"]
[BlackElo "1921"]
[PlyCount "128"]

1. d4 Nf6 2. c4 g6 3. Nc3 Bg7 4. e4 d6 5. Nge2 O-O 6. g3 c5 7. Bg2 Nc6 8. O-O
cxd4 9. Nxd4 Bg4 10. Nxc6 bxc6 11. Qa4 Bd7 12. Qc2 Qc8 13. Re1 Ng4 14. Ne2 Rb8
15. Rb1 f5 16. h3 Nf6 17. h4 Ng4 18. f3 Ne5 19. Nf4 fxe4 20. fxe4 Ng4 21. Bd2
e5 22. Nd3 Qa6 23. b3 Be6 24. Bg5 Rf7 25. Rf1 Rbf8 26. Rxf7 Rxf7 27. Rf1 Qb7
28. Nf2 h6 29. Bc1 Qb6 30. c5 Qb4 31. Nxg4 Bxg4 32. Rxf7 Kxf7 33. Be3 Qe1+ 34.
Kh2 Qxe3 35. cxd6 Bd7 36. Qc4+ Kf8 37. Qa6 Qb6 38. Qf1+ Kg8 39. Qc4+ Kh7 40.
Qf7 Qd8 41. Bf1 Qe8 42. Qc4 Qe6 43. Qc5 a6 44. Qa7 Qxd6 45. Qxa6 Qd2+ 46. Bg2
Bf8 47. Qc4 Kg7 48. a4 Qd4 49. Qc1 Bc5 50. a5 Be6 51. Qb1 Qc3 52. Qd1 Qxa5 53.
g4 Qc7 54. Qf3 Qf7 55. Qc3 Qf4+ 56. Kh1 Bd4 57. Qxc6 Qxg4 58. Qc7+ Bf7 59. Qe7
Qd1+ 60. Kh2 Qg1+ 61. Kh3 Qe3+ 62. Kh2 Qf4+ 63. Kh1 g5 64. Bh3 Qg3 0-1

[Event "Tournoi Skype 025A"]
[Site "Skype"]
[Date "????.??.??"]
[Round "6.7"]
[White "Ricieri, Vinicius"]
[Black "Altinok, Selim"]
[Result "0-1"]
[WhiteElo "1921"]
[BlackElo "1833"]
[PlyCount "78"]

1. d4 Nf6 2. c4 g6 3. Nf3 Bg7 4. g3 O-O 5. Bg2 d6 6. O-O c6 7. Nc3 Nbd7 8. Re1
Qc7 9. e4 e5 10. d5 c5 11. Bg5 h6 12. Bxf6 Nxf6 13. Qd2 Bd7 14. b3 Nh5 15. Nh4
Kh7 16. Rac1 a6 17. Bf3 Nf6 18. Be2 Rab8 19. f4 exf4 20. gxf4 Rfe8 21. Bf3 b5
22. Re3 Ng4 23. Bxg4 Bxg4 24. Kh1 Bd4 25. Rg3 Bh5 26. Re1 bxc4 27. bxc4 Rb4 28.
Qd3 Bf2 29. Rf1 Bxg3 30. hxg3 Qd7 31. Kg2 Rb2+ 32. Rf2 Reb8 33. Nd1 Bxd1 34.
Qxd1 Rxf2+ 35. Kxf2 Rb2+ 36. Kf3 h5 37. f5 Rxa2 38. Qb3 Qa4 39. Qb7 Qa3+ 0-1

[Event "Tournoi Skype 025A"]
[Site "Skype"]
[Date "????.??.??"]
[Round "6.9"]
[White "Diaz, Jose Garcia"]
[Black "Dal, Ibrahim"]
[Result "0-1"]
[WhiteElo "1880"]
[BlackElo "1803"]
[PlyCount "68"]

1. d4 c6 2. c4 d5 3. Nc3 Nf6 4. Bg5 Nbd7 5. e3 e6 6. Bd3 dxc4 7. Bxc4 Qa5 8.
Nge2 Qxg5 9. Ng3 Bb4 10. O-O O-O 11. Rc1 Rd8 12. Bd3 Nf8 13. Nce4 Nxe4 14. Nxe4
Qe7 15. f4 Bd7 16. a3 Ba5 17. b4 Bb6 18. Rf3 a5 19. Nc5 axb4 20. axb4 Bxc5 21.
bxc5 e5 22. fxe5 Bg4 23. Rxf7 Qxf7 24. Qxg4 Kh8 25. Rf1 Qb3 26. Qe4 Ng6 27. Rb1
Qc3 28. h4 Ra1 29. h5 Rxb1+ 30. Bxb1 Qe1+ 31. Kh2 Qh4+ 32. Qxh4 Nxh4 33. Kg3 g5
34. hxg6 Nxg6 0-1

[Event "Tournoi Skype 025A"]
[Site "Skype"]
[Date "????.??.??"]
[Round "6.10"]
[White "Murgia, Stefano"]
[Black "Rico Hernandez, Edgar"]
[Result "1-0"]
[WhiteElo "1796"]
[BlackElo "1871"]
[PlyCount "63"]

1. e4 c6 2. d4 d5 3. Nd2 dxe4 4. Nxe4 Bf5 5. Ng3 Bg6 6. h4 h6 7. Nf3 Nd7 8. h5
Bh7 9. Bd3 Bxd3 10. Qxd3 Ngf6 11. Bd2 e6 12. O-O-O Qc7 13. Ne4 O-O-O 14. g3
Nxe4 15. Qxe4 Nf6 16. Qe2 Bd6 17. c4 Qe7 18. Kb1 Rhe8 19. Ne5 Bc7 20. Bc3 Kb8
21. Rhe1 Qf8 22. Qf3 a6 23. b4 Bd6 24. Rd2 Qe7 25. d5 cxd5 26. cxd5 Ka8 27.
dxe6 fxe6 28. Nc6 bxc6 29. Qxc6+ Kb8 30. Rxd6 Qb7 31. Rexe6 Rxe6 32. Rxd8+ 1-0

[Event "Tournoi Skype 025A"]
[Site "Skype"]
[Date "????.??.??"]
[Round "6.11"]
[White "Saponara, Jose Maria"]
[Black "Ortega, Elvis"]
[Result "1/2-1/2"]
[WhiteElo "1774"]
[BlackElo "1838"]
[PlyCount "83"]

1. e4 c5 2. c4 Nc6 3. Nc3 g6 4. g3 d6 5. Bg2 Bg7 6. Nge2 Ne5 7. d3 Bg4 8. f4
Nf3+ 9. Kf2 Nd4 10. h3 Bd7 11. Rb1 Bc6 12. Nxd4 cxd4 13. Ne2 a5 14. a4 Qb6 15.
Bd2 Nf6 16. b4 axb4 17. Rxb4 Qa7 18. a5 Nd7 19. Qc2 Qxa5 20. Rxb7 Qa4 21. Rb2
Qxc2 22. Rxc2 Nc5 23. Nc1 O-O 24. Bb4 Nd7 25. Ne2 Rfb8 26. Rb1 Rb6 27. Rcb2
Rab8 28. Ba3 Rxb2 29. Rxb2 Rxb2 30. Bxb2 e5 31. Ba3 Bf8 32. g4 f6 33. h4 h6 34.
Bh3 g5 35. hxg5 hxg5 36. fxg5 fxg5 37. Ng3 Kf7 38. Nf5 Ke6 39. Kf3 Ba4 40. Ke2
Nb8 41. Bc1 Kf6 42. Ba3 1/2-1/2

[Event "Tournoi Skype 025A"]
[Site "Skype"]
[Date "????.??.??"]
[Round "6.12"]
[White "Calcino, Luis"]
[Black "Aranzubia, Desiderio"]
[Result "1-0"]
[WhiteElo "1707"]
[BlackElo "1525"]
[PlyCount "43"]

1. e4 c5 2. Nc3 Nc6 3. f4 e6 4. Nf3 d6 5. Bc4 Nf6 6. d3 a6 7. O-O b5 8. Bb3 Na5
9. e5 dxe5 10. fxe5 Nd7 11. Qe1 Nxb3 12. cxb3 Qc7 13. Qg3 g6 14. Nxb5 Qb8 15.
Nd6+ Bxd6 16. exd6 O-O 17. Bh6 Rd8 18. Ng5 Nf8 19. Qe5 f6 20. Qxf6 Ra7 21.
Qxf8+ Rxf8 22. Rxf8# 1-0

[Event "Tournoi Skype 025A"]
[Site "Skype"]
[Date "????.??.??"]
[Round "6.14"]
[White "Aravena, Alvaro"]
[Black "Navghane, Rahul"]
[Result "1-0"]
[WhiteElo "1643"]
[BlackElo "1480"]
[PlyCount "69"]

1. e4 d5 2. exd5 Nf6 3. Nc3 Nxd5 4. Nxd5 Qxd5 5. Nf3 Bg4 6. Be2 Nc6 7. O-O e5
8. d3 h6 9. h3 Bh5 10. Re1 O-O-O 11. Nxe5 Nxe5 12. Bxh5 Bd6 13. a3 g6 14. Be2
f5 15. d4 Nc6 16. c3 g5 17. Bf3 Qf7 18. Qa4 Qd7 19. Bxc6 Qxc6 20. Qxa7 b6 21.
Qa6+ Kb8 22. Qd3 f4 23. a4 Bc5 24. b4 Bd6 25. a5 b5 26. a6 Ka7 27. Bb2 Rhf8 28.
f3 Qb6 29. Kh1 h5 30. d5 c6 31. dxc6 Bxb4 32. Qh7+ Ka8 33. cxb4 Qxc6 34. Re7
Rb8 35. Ra7# 1-0

[Event "Tournoi Skype 025A"]
[Site "Skype"]
[Date "????.??.??"]
[Round "6.15"]
[White "Sepulveda, Lyda Marcela"]
[Black "Carballo, Jorge"]
[Result "1-0"]
[WhiteElo "1683"]
[BlackElo "1426"]
[PlyCount "35"]

1. e4 e5 2. Nf3 Nc6 3. Bc4 Be7 4. O-O Nf6 5. Re1 O-O 6. c3 d6 7. h3 Be6 8. Bb3
d5 9. exd5 Bxd5 10. Nxe5 Nxe5 11. Rxe5 Bd6 12. Rxd5 Nxd5 13. Bxd5 Qf6 14. d4
Rae8 15. Be3 Re7 16. Bxb7 Qe6 17. Nd2 Rb8 18. Qf3 1-0

[Event "Tournoi Skype 025A"]
[Site "Skype"]
[Date "????.??.??"]
[Round "6.16"]
[White "Le Brun, Yves"]
[Black "Altinok, Kerim"]
[Result "0-1"]
[WhiteElo "1546"]
[BlackElo "1865"]
[PlyCount "96"]

1. d4 d5 2. Nf3 Nf6 3. Bf4 e6 4. e3 Bd6 5. Bg3 O-O 6. Nbd2 c5 7. c3 Nc6 8. Bd3
Re8 9. Ne5 Qe7 10. f4 Nd7 11. Ndf3 f6 12. Bh4 Nf8 13. g4 Qc7 14. Nxc6 bxc6 15.
Bg3 cxd4 16. Nxd4 e5 17. fxe5 Bxe5 18. Kf2 c5 19. Nf5 Bb7 20. Re1 Ne6 21. Bxe5
fxe5 22. Ng3 Rf8+ 23. Kg1 e4 24. Bf1 Ng5 25. Bg2 Nf3+ 26. Bxf3 Rxf3 27. Nf1
Raf8 28. Qe2 Qf7 29. Ng3 Rf2 30. Rf1 Rxe2 31. Rxf7 Rxb2 32. Rxf8+ Kxf8 33. Rf1+
Kg8 34. Rf2 Rxf2 35. Kxf2 Kf7 36. Nf5 Kf6 37. Nd6 Bc6 38. Kg3 Ke6 39. Nf5 g6
40. Nh4 Ke5 41. Ng2 d4 42. exd4+ cxd4 43. cxd4+ Kxd4 44. Kf2 a5 45. Ne3 a4 46.
Ke2 Kc3 47. Nd1+ Kc2 48. Ne3+ Kb2 0-1

[Event "Tournoi Skype 025A"]
[Site "Skype"]
[Date "????.??.??"]
[Round "6.17"]
[White "Engstrom, Olle"]
[Black "Legueltel, Daniel"]
[Result "1-0"]
[WhiteElo "1649"]
[BlackElo "1528"]
[PlyCount "81"]

1. e4 c5 2. Nf3 Nc6 3. d4 cxd4 4. Nxd4 Nf6 5. Nc3 g6 6. Be3 Bg7 7. f3 e6 8. Qd2
Qa5 9. O-O-O d5 10. Nb3 Qd8 11. exd5 exd5 12. Nxd5 Nxd5 13. Qxd5 Qxd5 14. Rxd5
Be6 15. Rd2 O-O 16. Nd4 Nxd4 17. Bxd4 Rfd8 18. Bxg7 Rxd2 19. Kxd2 Kxg7 20. b3
Kf6 21. Ke3 Re8 22. Kd4 Rd8+ 23. Ke3 Re8 24. Kd2 Rd8+ 25. Bd3 Bf5 26. Re1 Rd5
27. Re3 Bxd3 28. Rxd3 Rxd3+ 29. Kxd3 Ke5 30. c4 f5 31. b4 g5 32. a4 h5 33. Ke3
f4+ 34. Kd3 g4 35. Kc3 Kf5 36. Kd4 Kg5 37. Ke4 gxf3 38. gxf3 Kh4 39. Kxf4 Kh3
40. Kg5 h4 41. f4 1-0

[Event "Tournoi Skype 025A"]
[Site "Skype"]
[Date "????.??.??"]
[Round "6.18"]
[White "Montalvo, Mario"]
[Black "Yeter, Orhan"]
[Result "1-0"]
[WhiteElo "1488"]
[BlackElo "1638"]
[PlyCount "53"]

1. d4 d5 2. Nf3 Nf6 3. b3 g6 4. Bb2 Bg7 5. Nbd2 O-O 6. e3 Bg4 7. Be2 Nbd7 8. h3
Bxf3 9. Bxf3 c6 10. O-O Qc7 11. c4 e6 12. Qc2 Rac8 13. Rfe1 Rfe8 14. e4 dxe4
15. Nxe4 Nxe4 16. Bxe4 Nf6 17. Bf3 Nh5 18. Bxh5 gxh5 19. Qe2 h4 20. Rad1 Qf4
21. Rd3 h6 22. Bc1 Qf6 23. Rf3 Qxd4 24. Rf4 Qd8 25. Rg4 Qf6 26. Bb2 Qxb2 27.
Qxb2 1-0

[Event "Tournoi Skype 025A"]
[Site "Skype"]
[Date "????.??.??"]
[Round "6.19"]
[White "Ram, Madhukesh"]
[Black "Bautista, Leidy"]
[Result "0-1"]
[WhiteElo "1475"]
[BlackElo "1624"]
[PlyCount "128"]

1. e4 c5 2. Nf3 d6 3. d4 cxd4 4. Nxd4 Nf6 5. Nc3 a6 6. Be3 e5 7. Nb3 Be6 8. Bd3
Be7 9. f4 Qc7 10. Qf3 Nbd7 11. h3 Bc4 12. Qe2 Nb6 13. Bxb6 Bxd3 14. Bxc7 Bxe2
15. fxe5 Bc4 16. exf6 Bxf6 17. O-O-O O-O 18. Bxd6 Rfe8 19. Rhe1 b5 20. Kb1 Rad8
21. e5 Bh4 22. Re4 Bg3 23. Nc5 b4 24. b3 bxc3 25. bxc4 Rxe5 26. Rxe5 Bxe5 27.
Nb7 Rd7 28. Nc5 Rd8 29. Nb7 Rd7 30. Ka1 f6 31. c5 Rxb7 32. c6 Ra7 33. Bc5 Rc7
34. Rd8+ Kf7 35. Rd7+ Rxd7 36. cxd7 Bc7 37. a4 Ke6 38. Ka2 Kxd7 39. Bd4 Ke6 40.
Bxc3 Kd5 41. Kb3 h5 42. Bd2 h4 43. Bb4 Bd8 44. Be1 g5 45. Kb4 f5 46. Bf2 g4 47.
Be3 Ke4 48. Bc1 gxh3 49. gxh3 f4 50. Bxf4 Kxf4 51. c4 Kg3 52. c5 Kxh3 53. c6
Kg3 54. Kc5 h3 55. Kd6 h2 56. Kd7 Ba5 57. Kc8 h1=Q 58. Kb7 Qh7+ 59. Kxa6 Bc3
60. Kb6 Bd4+ 61. Kb5 Qd3+ 62. Ka5 Qc3+ 63. Kb5 Qc5+ 64. Ka6 Qb6# 0-1

[Event "Tournoi Skype 025A"]
[Site "Skype"]
[Date "????.??.??"]
[Round "6.20"]
[White "Leyton Calderon, Jairo Oswaldo"]
[Black "Aceituno, Stebe"]
[Result "1/2-1/2"]
[WhiteElo "1624"]
[BlackElo "1513"]
[PlyCount "58"]

1. d4 Nf6 2. c4 g6 3. g3 Bg7 4. Bg2 O-O 5. Nf3 d6 6. Bg5 Nbd7 7. O-O c5 8. d5
Rb8 9. Nc3 b5 10. Nd2 bxc4 11. Nxc4 Ba6 12. b3 Re8 13. Nd2 Ne5 14. Re1 c4 15.
Rb1 cxb3 16. Rxb3 Qa5 17. Qc2 Rxb3 18. Nxb3 Qc7 19. f4 Nc4 20. f5 Ng4 21. Nd1
Qb6+ 22. e3 Nge5 23. Bf4 Na3 24. Qd2 Rc8 25. Nc3 Nf3+ 26. Bxf3 Bxc3 27. Qf2
Bxe1 28. Qxe1 Nc2 29. Qd2 Qb4 1/2-1/2

[Event "Tournoi Skype 025A"]
[Site "Skype"]
[Date "????.??.??"]
[Round "6.21"]
[White "Lovell, Stan"]
[Black "Rajpurohit, Dinesh"]
[Result "1-0"]
[WhiteElo "1672"]
[BlackElo "1503"]
[PlyCount "52"]

1. d4 e6 2. Nf3 c5 3. c3 d5 4. Bf4 Bd6 5. Bg3 Nc6 6. e3 Bxg3 7. hxg3 Nf6 8. Bd3
h6 9. Nbd2 Ng4 10. dxc5 e5 11. Be2 e4 12. Nd4 Nge5 13. N2b3 Qg5 14. Rh5 Qg6 15.
Nxc6 Nxc6 16. Rxd5 Be6 17. Rd2 O-O 18. Nd4 Nxd4 19. cxd4 Bd5 20. Qc2 b6 21. a3
bxc5 22. dxc5 Qc6 23. Rad1 Rfd8 24. Bc4 Qxc5 25. Rxd5 Rxd5 26. Rxd5 Qe7 1-0

[Event "Tournoi Skype 025A"]
[Site "Skype"]
[Date "????.??.??"]
[Round "6.22"]
[White "Vasquez, Oscar"]
[Black "Yardimci, Ertan"]
[Result "1/2-1/2"]
[WhiteElo "1646"]
[BlackElo "1577"]
[PlyCount "34"]

1. c4 c5 2. Nf3 Nc6 3. Nc3 e6 4. g3 Nf6 5. Bg2 Be7 6. d3 O-O 7. O-O b6 8. Be3
d5 9. cxd5 exd5 10. Bf4 Be6 11. a3 Bd6 12. Bxd6 Qxd6 13. e3 Rac8 14. Rc1 Qd7
15. Re1 Bh3 16. Na4 Bxg2 17. Kxg2 d4 1/2-1/2

[Event "Tournoi Skype 025A"]
[Site "Skype"]
[Date "????.??.??"]
[Round "6.23"]
[White "Trivedi, Viral"]
[Black "Bankhede, Shivkumar"]
[Result "1-0"]
[WhiteElo "1644"]
[BlackElo "1287"]
[PlyCount "105"]

1. d4 d5 2. Bf4 Nf6 3. e3 e6 4. Bd3 Bd6 5. Bg3 O-O 6. Nd2 Nc6 7. c3 Re8 8. Rc1
Na5 9. Bb1 g6 10. Bh4 Be7 11. f4 Nc4 12. Nxc4 dxc4 13. Nf3 Nd5 14. Bxe7 Rxe7
15. Qe2 Bd7 16. O-O b5 17. Ne5 Nb6 18. e4 Rb8 19. f5 exf5 20. exf5 Bxf5 21.
Rxf5 gxf5 22. Bxf5 Qf8 23. Qg4+ Qg7 24. Qxg7+ Kxg7 25. Nc6 Ree8 26. Nxb8 Rxb8
27. Re1 Rd8 28. Re7 Rd6 29. Rxc7 a5 30. Rc5 b4 31. Rxa5 Rd5 32. Rxd5 Nxd5 33.
cxb4 Nxb4 34. a3 Nd5 35. Kf2 h6 36. h4 Kf6 37. g4 c3 38. bxc3 Nxc3 39. Ke3 h5
40. Kd3 Nb5 41. a4 Nd6 42. Bd7 Ke7 43. Bb5 hxg4 44. h5 g3 45. Ke2 f5 46. h6 Nf7
47. h7 Kf8 48. Bd3 f4 49. a5 g2 50. Kf2 f3 51. a6 Kg7 52. a7 Ng5 53. a8=Q 1-0

[Event "Tournoi Skype 025A"]
[Site "Skype"]
[Date "????.??.??"]
[Round "6.24"]
[White "Alvarez, Rafael Andres"]
[Black "Grib, Johannes"]
[Result "0-1"]
[WhiteElo "1613"]
[BlackElo "1500"]
[PlyCount "110"]

1. d4 Nf6 2. Bf4 h6 3. e3 d6 4. Nd2 g5 5. Bg3 Bg7 6. h3 Bf5 7. c3 Ne4 8. Nxe4
Bxe4 9. Qb3 b6 10. Nf3 Nd7 11. Bc4 O-O 12. h4 e6 13. hxg5 hxg5 14. Bxe6 Qe7 15.
Bxd7 Bxf3 16. gxf3 Qxd7 17. O-O-O Rab8 18. Qc2 f5 19. f4 g4 20. Rh2 Qf7 21. Kb1
a5 22. e4 a4 23. exf5 Qxf5 24. Qxf5 Rxf5 25. Re1 a3 26. b3 c5 27. Re6 Rd8 28.
Bh4 Rd7 29. Re8+ Kf7 30. Re4 cxd4 31. cxd4 d5 32. Re2 Rxf4 33. Rd2 Re4 34. Bg5
Kg6 35. Be3 Bf8 36. Rg2 Rh7 37. Kc2 Bb4 38. Rd3 Rh1 39. f3 Ra1 40. Rxg4+ Rxg4
41. fxg4 Rxa2+ 42. Kb1 Re2 43. Ka1 b5 44. Bf4 Re4 45. Bd2 Bxd2 46. Rxd2 Rxg4
47. Ka2 b4 48. Kb1 Rg1+ 49. Ka2 Rg3 50. Re2 Kf5 51. Re5+ Kf4 52. Rxd5 Ke4 53.
Rd7 Kd3 54. Rb7 Rg2+ 55. Ka1 Kc3 0-1

[Event "Tournoi Skype 025A"]
[Site "Skype"]
[Date "????.??.??"]
[Round "6.25"]
[White "Casey, Eamonn"]
[Black "Gharbi, Said"]
[Result "0-1"]
[WhiteElo "1581"]
[BlackElo "1607"]
[PlyCount "22"]

1. d4 e5 2. dxe5 Nc6 3. Nf3 Qe7 4. Bf4 Qb4+ 5. Bd2 Qxb2 6. Nc3 Qa3 7. Nd5 Kd8
8. Bg5+ Be7 9. Bxe7+ Ngxe7 10. Qd2 Nxd5 11. Qxd5 Qc3+ 0-1